Southville International School and Colleges
Your cart is empty.
  • Cart
  • Lists
    Public lists Eva Luna New books Lux_list list_1
    Your lists Log in to create your own lists
  • Log in to your account
  • Your cookies
  • Search history
Southville International School and Colleges
  • Advanced search
  • Recent comments
  • Most popular
  • Libraries

Log in to your account

Log in with GOOGLE


If you do not have an external account, but do have a local account, you can still log in:

  1. Home
  2. MARC view: Alice in wonderland /
Normal view MARC view ISBD view

Alice in wonderland / (Record no. 306656)

[ view plain ]
MARC details
000 -LEADER
fixed length control field 00838nam a2200277Ia 4500
008 - FIXED-LENGTH DATA ELEMENTS--GENERAL INFORMATION
fixed length control field 170203s9999 xx 000 0 und d
020 ## - INTERNATIONAL STANDARD BOOK NUMBER
International Standard Book Number 9780746080061
050 ## - LIBRARY OF CONGRESS CALL NUMBER
Classification number Fic
050 ## - LIBRARY OF CONGRESS CALL NUMBER
Item number S588a
100 ## - MAIN ENTRY--PERSONAL NAME
Personal name Sims, Lesley.
245 ## - TITLE STATEMENT
Title Alice in wonderland /
245 ## - TITLE STATEMENT
Statement of responsibility, etc illustrated by Mauro Evangelista ; retold by Lesley Sims ; based on the original story by Lewis Carroll.
260 ## - PUBLICATION, DISTRIBUTION, ETC. (IMPRINT)
Place of publication, distribution, etc London :
260 ## - PUBLICATION, DISTRIBUTION, ETC. (IMPRINT)
Name of publisher, distributor, etc Usborne,
260 ## - PUBLICATION, DISTRIBUTION, ETC. (IMPRINT)
Date of publication, distribution, etc 2008
300 ## - PHYSICAL DESCRIPTION
Extent 1 volume :
300 ## - PHYSICAL DESCRIPTION
Other physical details color illustrations ;
300 ## - PHYSICAL DESCRIPTION
Dimensions 20 cm
440 ## - SERIES STATEMENT/ADDED ENTRY--TITLE
Title Young reading.,
440 ## - SERIES STATEMENT/ADDED ENTRY--TITLE
Volume number/sequential designation Series two.
650 ## - SUBJECT ADDED ENTRY--TOPICAL TERM
Topical term or geographic name as entry element Alice -- (Fictitious character from Carroll)
650 ## - SUBJECT ADDED ENTRY--TOPICAL TERM
Topical term or geographic name as entry element Alice -- (Fictitious character from Carroll) --
650 ## - SUBJECT ADDED ENTRY--TOPICAL TERM
General subdivision Juvenile fiction.
700 ## - ADDED ENTRY--PERSONAL NAME
Personal name Carroll, Lewis.
700 ## - ADDED ENTRY--PERSONAL NAME
Personal name Evangelista, Mauro, illustration.
Holdings
Withdrawn status Lost status Damaged status Home library Current library Shelving location Date acquired Total Checkouts Full call number Barcode Date last seen Price effective from Koha item type
      Stonyhurst Southville International School (Batangas) Stonyhurst Southville International School (Batangas)   02/03/2017   Fic .S588a 2006 LS-3680 02/03/2017 02/03/2017 Books

Alice in wonderland /

APA

Sims L., Carroll L. & Evangelista M. i.Alice in wonderland. London: .

Chicago

Sims Lesley, Carroll Lewis and Evangelista Mauro illustration.Alice in wonderland. London: .

Harvard

Sims L., Carroll L. and Evangelista M. i.Alice in wonderland. London: .

MLA

Sims Lesley, Carroll Lewis and Evangelista Mauro illustration.London: . .

  • Place hold
  • Print
  • Cite
  • Add to your cart (remove)
  • Save record
    BIBTEX Dublin Core MARCXML MARC (non-Unicode/MARC-8) MARC (Unicode/UTF-8) MARC (Unicode/UTF-8, Standard) MODS (XML) RIS
  • More searches
    Search for this title in:
    Other Libraries (WorldCat) Other Databases (Google Scholar) Online Stores (Bookfinder.com) Open Library (openlibrary.org)

Exporting to Dublin Core...

SOUTHVILLE LIBRARY

Southville International School and Colleges Library

1281 Tropical Ave. Cor. Luxembourg St., BF Homes International, Las Pinas City

Tel. No. 8256374 / 252358 Loc. 117/146

Powered by Koha